| 000 | 01665nam a2200193Ia 4500 | ||
|---|---|---|---|
| 999 |
_c5381 _d5381 |
||
| 020 | _a0495008060 | ||
| 020 | _a9780495008064 | ||
| 050 | 0 | 0 |
_aHM586 _b.F47 |
| 100 | 1 | _aFerrante-Wallace, Joan, | |
| 245 | 1 | 0 |
_aSociology : _ba global perspective / _cJoan Ferrante. |
| 250 | _aSixth edition. | ||
| 260 |
_aBelmont, CA : _bThomson Wadsworth, _c ©2006. |
||
| 300 |
_axxi, 651 pages : _billustrations (some color), color maps ; _c26 cm. |
||
| 500 | _aIncludes index. | ||
| 505 | _aThe sociological imagination -- Theoretical perspectives and methods of social research with emphasis on Mexico -- Culture with emphasis on North and South Korea -- Socialization with emphasis on Israel, the West Bank, and Gaza -- Social interaction and the social construction of reality with emphasis on Democratic republic of the Congo -- Social Organization with emphasis on McDonald's a U.S based multinational corporation with operations in 119 countries -- Deviance, conformity, and social control with emphasis on the people's of republic of china -- Social stratification with emphasis on the world's richest and poorest peoples -- Race and ethnic classification with emphasis on the peopling of the United States (a global story) -- Gender with emphasis on American samoa -- Economics and politics with emphasis on Iraq -- family and Aging with emphasis on Japan -- Population and urbanization with emphasis on the India -- Education with emphasis on the European Union -- Religion with emphasis on the Islamic Republic of Afghanistan -- Social change with emphasis on global interdependence. | ||
| 650 | 0 | _aSociology. | |
| 650 | 0 | _aSocial history | |
| 942 | _cBK | ||